| 000 | 00758cam a22002533a 4500 | ||
|---|---|---|---|
| 001 | 10530 | ||
| 003 | PGUSA | ||
| 005 | 20140828083225.0 | ||
| 008 | 031201s2003||||xxu|||||s|||||000 | eng d | ||
| 040 |
_aPGUSA _beng |
||
| 042 | _adc | ||
| 050 | 4 | _aM | |
| 100 | 1 | _aMcGuinn, Roger | |
| 245 | 1 | 0 |
_aRide Railroad Bill _h[electronic resource] / _cRoger McGuinn |
| 260 |
_bProject Gutenberg, _c2003 |
||
| 500 | _aRecorded in September 2002. | ||
| 506 | _aCopyrighted. Read the copyright notice inside this book for details. | ||
| 516 | _aElectronic text | ||
| 653 | _aFolk songs, English -- United States | ||
| 653 | _aFolk music -- United States | ||
| 830 | 0 |
_aProject Gutenberg _v10530 |
|
| 856 | 4 | 0 | _uhttp://www.gutenberg.org/ebooks/10530 |
| 942 | _cEB | ||
| 999 |
_c239785 _d239785 |
||